| 000 | 00437nam a22001697a 4500 | ||
|---|---|---|---|
| 005 | 20180720104814.0 | ||
| 008 | 160620b xxu||||| |||| 00| 0 eng d | ||
| 020 | _a978-81-203-1011-7 | ||
| 041 | _aeng | ||
| 082 |
_b8405 _a658.162 |
||
| 100 |
_aWeston J Fred and others _91297 |
||
| 245 | _aMergers, Restructuring and corporate control | ||
| 260 |
_bPHI _c2008 _aNEW DELHI |
||
| 300 | _a710p, | ||
| 650 |
_aManagement _9241 |
||
| 942 | _cBK | ||
| 999 |
_c3221 _d3220 |
||